Statistics for Letter Equations #4

Click here to take the quiz!

General Stats

  • This quiz has been taken 343 times
  • The average score is 6 of 22

Answer Stats

Hint Answer % Correct
29 D of F in a L YDays of February in a Leap Year
84%
4 S in a YSeasons in a Year
83%
525,600 M in a YMinutes in a Year
76%
1912: Y the T SYear the Titanic Sank
65%
3:10 T YTo Yuma
39%
2000 P in a TPounds in a Ton
35%
1,000,000 M in a KMillimeters in a Kilometer
32%
1 F, 2 F, R F, B FFish, Fish, Red Fish, Blue Fish
30%
9 M of PMonths of Pregnancy
20%
1 G L for MGiant Leap for Mankind
19%
L N 7Lucky Number
17%
1000 D in a GDollars in a Grand
13%
9 C of HCircles of Hell
13%
4 C of the HChambers of the Heart
13%
3000 M to GMiles to Graceland
12%
8 B in a BBits in a Byte
10%
5 B of MBooks of Moses
10%
5 G LGreat Lakes
8%
38 N on a RTNumbers on a Roulette Table
7%
3 P CPrimary Colors
4%
5 S RSecond Rule
4%
8 S in a P PSlices in a Pizza Pie
2%

Score Distribution

Percentile by Number Answered

Percent of People with Each Score

Your Score History

You have not taken this quiz